000 00678nam a22001577a 4500
003 OSt
005 20180704150625.0
008 180704b xxu||||| |||| 00| 0 eng d
040 _cRUA
082 _aAGR HAN 2017 B601 Or.1
100 _912842
_aHAN SOCHEAT,ហាន សុជាតិ
245 _aeffect of conservation agriculture system on soil aggregate associated organic carbon ,ឥទិ្ធពលនៃប្រព័ន្ធកសិកម្មអភិរក្សលើកាបូនសរីរាង្គក្នុងអាហ្រ្គីហ្គេតដី
260 _aphnom penh
_bRUA
_c2017
300 _aix;28p;
_bill;
_c29cm;
942 _2ddc
_cAGR
999 _c16926
_d16926